Změny struktury subjektů vnějších ekonomických vztahů ČSFR v procesu přechodu ekonomiky na tržní hospodářství v roce 1990 a tendence jejich dalšího vývoje
Gespeichert in:
| 1. Verfasser: | |
|---|---|
| Format: | Buch |
| Sprache: | Tschechisch |
| Veröffentlicht: |
Praha
Výzkumný ústav vnějších ekonomických vztahů
1990
|
| Schriftenreihe: | Ekonomická studie
č. 159 |
| Tags: |
Keine Tags, Fügen Sie das erste Tag hinzu!
|
MARC
| LEADER | 00000nam a2200000 4500 | ||
|---|---|---|---|
| 001 | c036780 | ||
| 005 | 20250526074941.3 | ||
| 041 | 0 | |a cze | |
| 044 | |a CZ | ||
| 245 | 1 | 0 | |a Změny struktury subjektů vnějších ekonomických vztahů ČSFR v procesu přechodu ekonomiky na tržní hospodářství v roce 1990 a tendence jejich dalšího vývoje |c Oldřich Mojžíšek |
| 264 | 1 | |a Praha |b Výzkumný ústav vnějších ekonomických vztahů |c 1990 | |
| 300 | |a 19 s. | ||
| 490 | 1 | |a Ekonomická studie |v č. 159 | |
| 830 | 0 | |a Ekonomická studie |v č. 159 | |
| 100 | 1 | |a Mojžíšek, Oldřich | |